| 000 | 00560nam a2200193Ia 4500 | ||
|---|---|---|---|
| 005 | 20250326140811.0 | ||
| 008 | 250326s9999 xx 000 0 und d | ||
| 037 | _aTextbook | ||
| 040 |
_aFMSL _beng _cFMSL |
||
| 041 |
_aeng _2eng |
||
| 084 |
_aX9W Q0 _qFMSL |
||
| 100 |
_aBhargava R C _9743091 |
||
| 245 | 0 |
_aMaruti story: how a public sector company put India on wheels _cBhargava R C; Seetha Au. |
|
| 260 |
_aIndia _bIndia, HaperCollins _c2010 |
||
| 365 | _b499 | ||
| 650 | _aManagement | ||
| 942 |
_cTB _hX9W Q0 |
||
| 999 |
_c1287348 _d1287348 |
||